000 00381nam a2200145 i 4500
001 bg
245 0 0 _aBolsaja Sovetskaja Enciklopedija.
_nT. 24, Kn.2,
_pSojuz Sovetskich Socialisticeskich Respublik.
260 _aMoskva,
_c1976.
650 9 _aEncyklopedia rosyjska
040 _cBPK
041 _apol
080 _a03
942 _cKS
008 s pl f |000 0 pol
999 _c34855
_d34855
856 _uhttp://koha.tu.koszalin.pl/cgi-bin/koha/opac-detail.pl?biblionumber=34855
_yKatalog online BPK